[Event "Newcastle Northumbria Masters"]
[Site "Newcastle on Tyne"]
[Date "2022.08.27"]
[Round "2"]
[White "Kett, Timothy"]
[Black "Liu, Tianyi"]
[Result "1-0"]
[WhiteElo "2197"]
[BlackElo "1600"]
[PlyCount "99"]
[EventDate "2022.08.26"]
[EventType "swiss"]
[EventRounds "9"]
[EventCountry "ENG"]
[SourceTitle "CBM 210 Extra"]
[Source "ChessBase"]
[SourceDate "2022.11.30"]
[SourceVersion "1"]
[SourceVersionDate "2022.11.30"]
[SourceQuality "1"]

1. e4 c5 2. Nf3 e6 3. d4 cxd4 4. Nxd4 Nc6 5. Nc3 Qc7 6. f4 a6 7. Nxc6 bxc6 8. Bd3 Nf6 9. e5 Nd5 10. Ne4 Qb6 11. a3 Be7 12. c4 Ne3 13. Qe2 Nf5 14. b4 Qd4 15. Bb2 Qe3 16. Qxe3 Nxe3 17. Kf2 Ng4+ 18. Kf3 f5 19. exf6 Nxf6 20. Nxf6+ Bxf6 21. Bxf6 gxf6 22. c5 a5 23. g4 Ba6 24. Rad1 Bxd3 25. Rxd3 axb4 26. axb4 Ke7 27. Rhd1 Ra7 28. g5 f5 29. Rd4 Rb8 30. R1d3 Rb5 31. Kg3 Rab7 32. Kh4 Rxb4 33. Kh5 Rxd4 34. Rxd4 Rb3 35. h4 Rh3 36. Ra4 d5 37. Ra7+ Ke8 38. Rxh7 d4 39. Rc7 d3 40. Rxc6 Ke7 41. Rd6 Rf3 42. Rd4 d2 43. Rxd2 Rxf4 44. c6 Rc4 45. Kg6 Rxh4 46. Rd7+ Ke8 47. Kf6 Rc4 48. g6 Rxc6 49. Re7+ Kd8 50. g7 1-0

[Event "Newcastle Northumbria Masters"]
[Site "Newcastle on Tyne"]
[Date "2022.08.27"]
[Round "3"]
[White "Pal, Rohan"]
[Black "Kett, Timothy"]
[Result "1/2-1/2"]
[WhiteElo "1935"]
[BlackElo "2197"]
[PlyCount "52"]
[EventDate "2022.08.26"]
[EventType "swiss"]
[EventRounds "9"]
[EventCountry "ENG"]
[SourceTitle "CBM 210 Extra"]
[Source "ChessBase"]
[SourceDate "2022.11.30"]
[SourceVersion "1"]
[SourceVersionDate "2022.11.30"]
[SourceQuality "1"]

1. e4 e5 2. Nc3 Nf6 3. g3 Bc5 4. Bg2 d6 5. Na4 Bb6 6. Nxb6 axb6 7. Ne2 Nc6 8. 0-0 h5 9. h3 Qe7 10. d4 exd4 11. Nxd4 Nxd4 12. Qxd4 Qe5 13. Qxe5+ dxe5 14. Bg5 Be6 15. Bxf6 gxf6 16. a3 h4 17. g4 Ke7 18. Rfd1 Rhd8 19. Kf1 c5 20. Ke2 b5 21. Rxd8 Rxd8 22. Rd1 Ra8 23. Ke3 b4 24. axb4 cxb4 25. b3 Rc8 26. Kd2 Rd8+ 1/2-1/2

[Event "Olympiad-44"]
[Site "Chennai"]
[Date "2022.08.06"]
[Round "8.3"]
[White "Kett, Timothy"]
[Black "Barrish, Daniel"]
[Result "1-0"]
[WhiteElo "2197"]
[BlackElo "2283"]
[PlyCount "61"]
[EventDate "2022.07.29"]
[EventType "team-swiss"]
[EventRounds "11"]
[EventCountry "IND"]
[SourceTitle "CBM 210"]
[Source "ChessBase"]
[SourceDate "2022.10.31"]
[SourceVersion "1"]
[SourceVersionDate "2022.10.31"]
[SourceQuality "1"]
[WhiteTeam "Wales"]
[BlackTeam "South Africa"]
[WhiteTeamCountry "WLS"]
[BlackTeamCountry "RSA"]

1. e4 c5 2. Nf3 d6 3. d4 cxd4 4. Nxd4 Nf6 5. Nc3 a6 6. Bg5 e6 7. f4 Be7 8. Qf3 Qc7 9. 0-0-0 Nbd7 10. Bd3 b5 11. Rhe1 Bb7 12. Qg3 b4 13. Nd5 exd5 14. e5 dxe5 15. fxe5 Ne4 16. Bxe4 dxe4 17. Bxe7 Qxe5 18. Qxe5 Nxe5 19. Nf5 g6 20. Bf6 gxf5 21. Bxh8 Nd7 22. Rf1 Ke7 23. Bd4 Ke6 24. Rf4 Rg8 25. g3 Rg4 26. Rdf1 Rg5 27. Rh4 Nf8 28. Rh6+ Rg6 29. Rh5 Kd5 30. Be3 Bc8 31. Rd1+ 1-0

[Event "Olympiad-44"]
[Site "Chennai"]
[Date "2022.08.05"]
[Round "7.2"]
[White "Kett, Timothy"]
[Black "Hassan Sidi, Mohamed Cheikh"]
[Result "1/2-1/2"]
[WhiteElo "2197"]
[BlackElo "1825"]
[PlyCount "121"]
[EventDate "2022.07.29"]
[EventType "team-swiss"]
[EventRounds "11"]
[EventCountry "IND"]
[SourceTitle "CBM 210"]
[Source "ChessBase"]
[SourceDate "2022.10.31"]
[SourceVersion "1"]
[SourceVersionDate "2022.10.31"]
[SourceQuality "1"]
[WhiteTeam "Wales"]
[BlackTeam "Mauritania"]
[WhiteTeamCountry "WLS"]
[BlackTeamCountry "MAU"]

1. Nf3 d5 2. b3 Nf6 3. Bb2 Bf5 4. g3 e6 5. Bg2 Be7 6. 0-0 h6 7. d3 0-0 8. Nbd2 Nbd7 9. Re1 Bh7 10. e4 dxe4 11. dxe4 c6 12. Qe2 Qc7 13. e5 Nd5 14. Ne4 Nc5 15. Nfd2 Rad8 16. a3 Rd7 17. Nxc5 Bxc5 18. Ne4 Bxe4 19. Qxe4 Rfd8 20. b4 Qb6 21. Re2 Ne7 22. Rf1 Ng6 23. c3 Bf8 24. Bc1 Rd3 25. Be3 Qb5 26. Bd4 c5 27. a4 Qc4 28. Bxc5 Qxe4 29. Bxe4 Rxc3 30. Bxf8 Kxf8 31. f4 Rd4 32. b5 b6 33. Bc6 Ne7 34. Bg2 Rcc4 35. Ra1 Rxa4 36. Rxa4 Rxa4 37. Rc2 Nd5 38. Bxd5 exd5 39. Rc7 Ke8 40. Kf2 Ra3 41. f5 d4 42. Rb7 Re3 43. Rb8+ Kd7 44. Rb7+ Kc8 45. Rxf7 Rxe5 46. g4 d3 47. Rxa7 Re4 48. h3 h5 49. gxh5 d2 50. Ra1 Rf4+ 51. Ke3 Rxf5 52. Kxd2 Rxb5 53. Rg1 Rxh5 54. Rxg7 Rxh3 55. Kc2 Rf3 56. Rh7 Rg3 57. Rf7 Rg5 58. Kc3 Rc5+ 59. Kb4 Rg5 60. Rh7 Rf5 61. Rg7 1/2-1/2

[Event "WLS-ch 66th"]
[Site "Cardiff"]
[Date "2022.04.16"]
[Round "4"]
[White "Kett, Timothy"]
[Black "Fathallah, Joe"]
[Result "1/2-1/2"]
[WhiteElo "2168"]
[BlackElo "1869"]
[PlyCount "64"]
[EventDate "2022.04.15"]
[EventType "swiss"]
[EventRounds "7"]
[EventCountry "WLS"]
[SourceTitle "CBM 207 Extra"]
[Source "ChessBase"]
[SourceDate "2022.05.31"]
[SourceVersion "1"]
[SourceVersionDate "2022.05.31"]
[SourceQuality "1"]

1. e4 e6 2. d4 d5 3. e5 c5 4. c3 Nc6 5. Nf3 Qb6 6. Bd3 cxd4 7. 0-0 dxc3 8. Nxc3 f6 9. Re1 fxe5 10. Nxe5 Nf6 11. Bg5 Nxe5 12. Rxe5 Qxb2 13. Bxf6 gxf6 14. Re3 d4 15. Bb5+ Ke7 16. Nd5+ Kd6 17. Rb3 Qxa1 18. Qxa1 Kxd5 19. Qd1 Be7 20. Qf3+ Kd6 21. Qe4 e5 22. Bc4 Be6 23. Bxe6 Kxe6 24. f4 b6 25. f5+ Kd6 26. Rb5 Kc7 27. Qc2+ Bc5 28. Rxc5+ bxc5 29. Qxc5+ Kb7 30. Qb5+ Kc7 31. Qc5+ Kb7 32. Qb5+ Kc7 1/2-1/2